000 00825nam a22002657a 4500
001 BR8702436
003 BR-BrBNA
005 20230928092502.0
007 ta
008 230509b bl.||||| |||| 00| 0 por d
040 _aBR-BrBNA
_bpor
_cBiblioteca Nacional de Agricultura
041 _a(Por)
072 _aE14; L01
_b/G514
090 _ E14 BR8702436
110 1 _aAssociacao Nordestina de Credito e Assistencia Rural da Paraiba, Joao Pessoa (Brasil)
_9691
245 1 _aProjeto agropecuario integrado; Pirana-Natuba
260 3 _aJoao Pessoa, PB (Brasil):
_c1974.
300 _avp.
500 _a(*) Documento disponível no(a) EMATER, Joao Pessoa, PB (Brazil). Biblioteca
650 _aPROJETO AGRICOLA
650 _aPIRANA-NATUBA
650 _aPARAIBA
909 _a202309
_bLucia
_c55
_dLucia Elande
942 _cBK
999 _c39351
_d39351